000 00785nab a2200241 u 4500
001 14697
003 HDC
007 cr bn ---aaaaa
008 210215c20140627my dr|nes 0 a may d
040 _aHDC
245 0 _aTak pernah lulus sijil'
260 _aKuala Lumpur :
_bThe New Straits Times Press (M) Bhd.,
_c2014
336 _atext
_2rdacontent
337 _acomputer
_2rdamedia
338 _aonline resource
_2rdacarrier
650 _aHalal status
_zMalaysia
_915150
650 _arecycled cooking oil
_915151
710 _aHarian Metro
856 _zRequest full-text at [email protected]
942 _2lcc
942 _cNEWS
942 _kNWSC 005610
999 _c12013
_d12013